Functional analysis
Gardado en:
| Main Authors: | , |
|---|---|
| Formato: | Libro |
| Idioma: | inglés |
| Publicado: |
Nueva York
Dover
1990
|
| Series: | Dover Books on Mathematics
|
| Subjects: | |
| Tags: |
Engadir etiqueta
Sen Etiquetas, Sexa o primeiro en etiquetar este rexistro!
|
MARC
| LEADER | 00000nam a2200000 a 4500 | ||
|---|---|---|---|
| 001 | UCK2249 | ||
| 003 | CL-VaPUC | ||
| 008 | 041229e19900000US |||||||||||||||||eng|d | ||
| 020 | |a 0486662896 | ||
| 082 | 0 | 4 | |a 515.7 |b RIE |2 21 |
| 100 | 0 | |a Riesz, Frigyes |e author |9 490051 | |
| 700 | 0 | |a Szökefalvi-Nagy, Béla |e author |9 490052 | |
| 245 | 1 | 0 | |a Functional analysis |
| 300 | |a 504 p | ||
| 942 | |c BK | ||
| 945 | |d 20041229 00:00:00 |a vberengu | ||
| 260 | |a Nueva York |b Dover |c 1990 | ||
| 650 | 0 | |a Análisis funcional |9 269993 | |
| 583 | |a last modification |c 20041229 00:00:00 |k Rodrigo Vera | ||
| 490 | 0 | |a Dover Books on Mathematics | |
| 999 | |c 311838 |d 311836 | ||
| 952 | |0 0 |1 0 |4 0 |6 515_700000000000000_RIE_1990 |7 0 |8 A |9 381510 |a BIBMAT |b BIBMAT |d 2019-11-21 |i 4090497 |l 2 |m 2 |o 515.7 RIE 1990 |p 4090497 |r 2025-01-07 |s 2024-09-13 |w 2019-11-21 |y BK |k MAT | ||